<?xml version="1.0" encoding="UTF-8"?>
<record
    xmlns:xsi="http://www.w3.org/2001/XMLSchema-instance"
    xsi:schemaLocation="http://www.loc.gov/MARC21/slim http://www.loc.gov/standards/marcxml/schema/MARC21slim.xsd"
    xmlns="http://www.loc.gov/MARC21/slim">

  <leader>01878nam a2200313 i 4500</leader>
  <controlfield tag="001">000021061</controlfield>
  <controlfield tag="003">DO-SdBNP</controlfield>
  <controlfield tag="005">20250318154152.0</controlfield>
  <controlfield tag="008">100830s2000    dr c          000 0 spa d</controlfield>
  <datafield tag="040" ind1=" " ind2=" ">
    <subfield code="a">DO-SdBNP</subfield>
    <subfield code="b">spa</subfield>
    <subfield code="c">BNPHU</subfield>
    <subfield code="e">rda</subfield>
  </datafield>
  <datafield tag="049" ind1=" " ind2=" ">
    <subfield code="a">BNPD</subfield>
  </datafield>
  <datafield tag="082" ind1=" " ind2="4">
    <subfield code="a">972.9302</subfield>
    <subfield code="b">C933c</subfield>
    <subfield code="2">22</subfield>
  </datafield>
  <datafield tag="245" ind1="0" ind2="0">
    <subfield code="a">Cristobal Col&#xF3;n :</subfield>
    <subfield code="b">antropolog&#xED;a e historia del encuentro de dos mundos /</subfield>
    <subfield code="c">edici&#xF3;n Jos&#xE9; G. Guerrero y Harold Olsen Bogaert.</subfield>
  </datafield>
  <datafield tag="250" ind1=" " ind2=" ">
    <subfield code="a">2a edici&#xF3;n</subfield>
  </datafield>
  <datafield tag="264" ind1=" " ind2="4">
    <subfield code="a">Santo Domingo :</subfield>
    <subfield code="b">Museo del Hombre Dominicano</subfield>
    <subfield code="b">Secretar&#xED;a de Estado de Cultura,</subfield>
    <subfield code="c">2000.</subfield>
  </datafield>
  <datafield tag="300" ind1=" " ind2=" ">
    <subfield code="a">69 p&#xE1;ginas :</subfield>
    <subfield code="b">retratos ;</subfield>
    <subfield code="c">21 cm.</subfield>
  </datafield>
  <datafield tag="336" ind1=" " ind2=" ">
    <subfield code="a">texto</subfield>
    <subfield code="b">txt</subfield>
    <subfield code="2">rdacontent</subfield>
  </datafield>
  <datafield tag="337" ind1=" " ind2=" ">
    <subfield code="a">sin mediaci&#xF3;n</subfield>
    <subfield code="b">n</subfield>
    <subfield code="2">rdamedia</subfield>
  </datafield>
  <datafield tag="338" ind1=" " ind2=" ">
    <subfield code="a">volumen</subfield>
    <subfield code="b">nc</subfield>
    <subfield code="2">rdacarrier</subfield>
  </datafield>
  <datafield tag="505" ind1="2" ind2=" ">
    <subfield code="a">Presentaci&#xF3;n / </subfield>
    <subfield code="r">Carlos And&#xFA;jar Persinal -- </subfield>
    <subfield code="t">Col&#xF3;n en busca de la India encontr&#xF3; Am&#xE9;rica / </subfield>
    <subfield code="r">Jos&#xE9; G. Guerrero -- </subfield>
    <subfield code="t">Las Antillas del descubrimiento: arqueolog&#xED;a y etnolog&#xED;a / </subfield>
    <subfield code="r">Jos&#xE9; G. Guerrero y Marcio Veloz Maggiolo --</subfield>
    <subfield code="t">Guanahan&#xED;, 12 de octubre de 1492 / </subfield>
    <subfield code="r">Carlos Hern&#xE1;ndez Soto -- </subfield>
    <subfield code="t">El escudo colombino: una propuesta para el V Centenario / </subfield>
    <subfield code="r"> Juan Rodr&#xED;guez -- </subfield>
    <subfield code="t">apuntes para el estudio de la geograf&#xED;a prehisp&#xE1;nica de la Isla de Santo Dominigo /</subfield>
    <subfield code="r"> Dato Pag&#xE1;n Perdomo -- </subfield>
    <subfield code="t">La utop&#xED;a colombiana / </subfield>
    <subfield code="r">Fern&#xE1;ndo P&#xE9;rez Mem&#xE9;n -- </subfield>
    <subfield code="t">Antropolog&#xED;a f&#xED;sica de los abor&#xED;genes a la llegada de Col&#xF3;n / </subfield>
    <subfield code="r">Fern&#xE1;ndo Luna Calder&#xF3;n -- </subfield>
    <subfield code="t">Huellas museogr&#xE1;ficas de Cristbal Col&#xF3;n / </subfield>
    <subfield code="r">Mois&#xE9;s E. De Soto David.</subfield>
  </datafield>
  <datafield tag="590" ind1=" " ind2=" ">
    <subfield code="a">Inventariado, 2024/BT</subfield>
  </datafield>
  <datafield tag="600" ind1="1" ind2="4">
    <subfield code="a">Col&#xF3;n, Cristobal,</subfield>
    <subfield code="d">1436-1456</subfield>
    <subfield code="9">19795</subfield>
  </datafield>
  <datafield tag="651" ind1=" " ind2="4">
    <subfield code="a">Rep&#xFA;blica Dominicana</subfield>
    <subfield code="x">Historia</subfield>
    <subfield code="9">170</subfield>
  </datafield>
  <datafield tag="651" ind1=" " ind2="4">
    <subfield code="a">Am&#xE9;rica --</subfield>
    <subfield code="x">Descubrimiento y exploraci&#xF3;n  --</subfield>
    <subfield code="x">Espa&#xF1;oles</subfield>
    <subfield code="9">544</subfield>
    <subfield code="v">Ensayo, conferencias, etc.</subfield>
  </datafield>
  <datafield tag="700" ind1="1" ind2=" ">
    <subfield code="a">Guerrero, Jos&#xE9; G.,</subfield>
    <subfield code="e">editor</subfield>
    <subfield code="4">ed.</subfield>
    <subfield code="9">18729</subfield>
  </datafield>
  <datafield tag="700" ind1="1" ind2=" ">
    <subfield code="a">Olsen Bohaert, Harold,</subfield>
    <subfield code="e">editor</subfield>
    <subfield code="4">ed.</subfield>
    <subfield code="9">44050</subfield>
  </datafield>
  <datafield tag="910" ind1=" " ind2=" ">
    <subfield code="a">Btav&#xE1;rez</subfield>
  </datafield>
  <datafield tag="942" ind1=" " ind2=" ">
    <subfield code="2">ddc</subfield>
    <subfield code="c">LBS1</subfield>
  </datafield>
  <datafield tag="952" ind1=" " ind2=" ">
    <subfield code="0">0</subfield>
    <subfield code="1">0</subfield>
    <subfield code="2">ddc</subfield>
    <subfield code="5">1</subfield>
    <subfield code="7">0</subfield>
    <subfield code="8">PD</subfield>
    <subfield code="a">BNPHU</subfield>
    <subfield code="b">BNPHU</subfield>
    <subfield code="c">CT</subfield>
    <subfield code="d">2010-08-30</subfield>
    <subfield code="l">0</subfield>
    <subfield code="o">BNPHU PD 972.9302 C933c</subfield>
    <subfield code="p">21061-10</subfield>
    <subfield code="r">2020-06-25</subfield>
    <subfield code="w">2020-06-25</subfield>
    <subfield code="y">LBS1</subfield>
    <subfield code="Z">No se presta</subfield>
  </datafield>
  <datafield tag="952" ind1=" " ind2=" ">
    <subfield code="0">0</subfield>
    <subfield code="1">0</subfield>
    <subfield code="2">ddc</subfield>
    <subfield code="5">1</subfield>
    <subfield code="7">0</subfield>
    <subfield code="8">PD</subfield>
    <subfield code="a">BNPHU</subfield>
    <subfield code="b">BNPHU</subfield>
    <subfield code="c">CT</subfield>
    <subfield code="d">2024-09-30</subfield>
    <subfield code="e">Donado por la Presidencia de la Rep&#xFA;blica Dominicana</subfield>
    <subfield code="l">0</subfield>
    <subfield code="o">BNPHU PD 972.9302 C933c</subfield>
    <subfield code="p">2024-5484</subfield>
    <subfield code="r">2024-09-30</subfield>
    <subfield code="t">e.2</subfield>
    <subfield code="w">2024-09-30</subfield>
    <subfield code="y">LBS1</subfield>
    <subfield code="z">Perteneci&#xF3; a la biblioteca personal de Emilio Cordero Michel.</subfield>
  </datafield>
  <datafield tag="999" ind1=" " ind2=" ">
    <subfield code="c">20564</subfield>
    <subfield code="d">20564</subfield>
  </datafield>
</record>
